Quaresma de sermones doctrinales, duplicados, para todos los Domingos, Miércoles y Viernes, y algunos otras Ferias, con remisiones copiosas al Despertador Christiano de sermones enteros los mismos días (Record no. 8442)

MARC details
000 -CABECERA
campo de control de longitud fija 02723nam a2200265 a 4500
001 - NÚMERO DE CONTROL
campo de control BRCA_8791
005 - FECHA Y HORA DE LA ÚLTIMA TRANSACCIÓN
campo de control 20190320210419.0
008 - DATOS DE LONGITUD FIJA--INFORMACIÓN GENERAL
campo de control de longitud fija 180417s1686----sp-#######---#000-0#spa-#
041 ## - CÓDIGO DE LENGUA
Código de lengua del texto/banda sonora o título independiente spa
044 ## - CÓDIGO DEL PAÍS DE LA ENTIDAD EDITORA/PRODUCTORA
Código MARC del país sp
084 ## - OTRO NÚMERO DE CLASIFICACIÓN
Número de clasificación BE170
Número de documento/Ítem .B37 1686
100 1# - ENTRADA PRINCIPAL--NOMBRE DE PERSONA
Nombre de persona Barcia y Zambrano, José de
Fechas asociadas al nombre - 1695
9 (RLIN) 21917
245 10 - MENCIÓN DE TÍTULO
Título Quaresma de sermones doctrinales, duplicados, para todos los Domingos, Miércoles y Viernes, y algunos otras Ferias, con remisiones copiosas al Despertador Christiano de sermones enteros los mismos días
Resto del título tomo 1
Mención de responsabilidad, etc. su autor el Doct. D. Josef Barcia, y Zambrana...
260 ## - PUBLICACIÓN, DISTRIBUCIÓN, ETC.
Lugar de publicación, distribución, etc. Perpiñan
Nombre del editor, distribuidor, etc. En la Imprenta de Gregorio
Fecha de publicación, distribución, etc. 1686
300 ## - DESCRIPCIÓN FÍSICA
Extensión 476 p. (t.1)
Dimensiones 20.3 x 15 cm.
500 ## - NOTA GENERAL
Nota general Con privilegio
500 ## - NOTA GENERAL
Nota general Estado físico: presenta encuadernación en pergamino, con cintas rotas y algunas hojas dañadas
500 ## - NOTA GENERAL
Nota general Con marca de fuego #1: “Procedencia de la marca: Convento de San Francisco de Querétaro(1). Institución: Orden de Frailes Menores. Provincia de San Pedro y San Pablo de Michoacán. Descripción: Tres iniciales separadas: ´C´, ´S´ y ´Q´ en cuya silueta se agregó el resto del texto: C[onvento] S[an Francisco] Q[uerétaro]. Luego el escudo franciscano de las 5 llagas inscrito en un círculo formado del cordón franciscano. Observaciones: Rafael Sala, Carlos Krausse y David Saavedra Vega la catalogan como perteneciente al Convento de San Francisco de Querétaro. Ubicación de la marca en el libro: Canto superior, inferior y fronta”
500 ## - NOTA GENERAL
Nota general Con marca de fuego #2: “Procedencia de la marca: Convento de San Francisco Santa María del Pueblito de Querétaro(1). Institución: Orden de Frailes Menores. Provincia de San Pedro y San Pablo de Michoacán. Descripción: Monograma conformado por las iniciales “P”, “u”, “E” seguidas de “b”, “I”, “T” y “o” que se desata como Pueblito(2) dentro de un filete en forma de rombo. Observaciones: Krausse la incluye entre las marcas no identificadas. David Saavedra la identifica como del Convento Franciscano de Santa María del Pueblito, Villa Corregidora de Querétaro. Con el testimonio de pertenencia ubicado en este ejemplar se corrobora la atribución realizada por David Saavedra. Ubicación de la marca en el libro: Canto superior, inferior y lateral”
650 14 - PUNTO DE ACCESO ADICIONAL DE MATERIA--TÉRMINO DE MATERIA
Término de materia o nombre geográfico como elemento de entrada Sermones
9 (RLIN) 21350
856 ## - LOCALIZACIÓN Y ACCESO ELECTRÓNICOS
Nombre del host Marca de fuego #1: http://www.marcasdefuego.buap.mx:8180/xmLibris/projects/firebrand/item.jsp?repository=marcas_de_fuego&key=d6defe3d.xml&num=14
856 ## - LOCALIZACIÓN Y ACCESO ELECTRÓNICOS
Nombre del host Marca de fuego #2: http://www.marcasdefuego.buap.mx:8180/xmLibris/projects/firebrand/item.jsp?repository=marcas_de_fuego&key=marcas_de_fuego_franciscanas_20150618135223_2ccc.xml&num=124
902 ## - CATALOGADOR
Iniciales CFM
942 ## - ELEMENTOS DE PUNTO DE ACCESO ADICIONAL (KOHA)
Fuente del sistema de clasificación o colocación Library of Congress Classification
Tipo de ítem Koha Libros
Holdings
Estado de retiro Estado de pérdida Estado dañado No para préstamo Localización permanente Ubicación/localización actual Fecha de adquisición Total de préstamos Signatura topográfica completa Código de barras Fecha visto por última vez Precio válido a partir de Tipo de ítem Koha
El ejemplar forma parte de la colección y puede ser consultado según las políticas vigentes.       Biblioteca del Museo Franz Mayer (Rogerio Casas-Alatriste) Biblioteca del Museo Franz Mayer (Rogerio Casas-Alatriste) 18/04/2017   BE170 .B37 1686 CFM00118 22/03/2019 22/03/2019 Libros